000 00772nam a22002297a 4500
005 20240530110922.0
008 220221s2008 ua a g b 000 0 ara d
040 _aEG-CaGPL
_cEG-CaGPL
082 0 4 _221
_a811.009 /
_bف ق
100 0 _aفوزى عيسى
245 1 2 _aقراءة النص الشعرى /
_cفوزى عيسى
250 _aط.1
260 _aالاسكندرية :
_bدار المعرفة الجامعية،
_c2008
300 _a357 ص؛
_c24 سم
650 0 7 _aالادب العربى
_2qrmak
650 0 7 _aالشعر العربى
_2qrmak
650 0 7 _aشعر المتنبى
_2qrmak
650 0 7 _aشعر ابى فراس
_2qrmak
650 0 7 _aشعر ابى العلاء
_2qrmak
942 _2ddc
_cBK
999 _c66500
_d66500